[Event "Graz zt"]
[Site "Graz"]
[Date "1993.??.??"]
[Round "10"]
[White "Lau, Ralf"]
[Black "Grosar, Aljosa"]
[Result "1/2-1/2"]
[WhiteElo "2530"]
[BlackElo "2480"]
[Annotator "Ernst,T"]
[PlyCount "124"]
[EventDate "1993.03.??"]
[EventType "tourn"]
[EventRounds "13"]
[EventCountry "AUT"]
[EventCategory "8"]
[SourceTitle "CBM 035"]
[Source "ChessBase"]
[SourceDate "1993.08.01"]
[SourceVersion "1"]
[SourceVersionDate "1993.08.01"]
[SourceQuality "1"]

1. e4 c5 2. Nf3 d6 3. d4 cxd4 4. Nxd4 Nf6 5. Nc3 Nc6 6. Bg5 e6 7. Qd2 a6 8.
O-O-O Bd7 9. f4 b5 10. Bxf6 gxf6 11. Kb1 $1 (11. Nxc6 Bxc6 12. Qe1 b4 13. Nd5
a5 14. Rd4 Ra7 $13) 11... Qb6 12. Nxc6 Bxc6 13. Qe1 (13. Bd3 b4 (13... Qc5 14.
Rhf1 O-O-O 15. f5 d5 $6 16. exd5 exd5 17. Be4 $1 $16 {Vogt.L-Bielczyk,J,24/408
1977}) 14. Ne2 h5 15. Rhe1 a5 16. Ng3 a4 17. Bc4 $14 {Byrne,R-Kozul,Z,Palma
GMA-op 1989.}) (13. f5 b4 14. Ne2 Bxe4 (14... e5 $6 15. Ng3 Qc5 16. Be2 Ke7 17.
Bf3 $16 {Lobron,E-Ueter,H,BL 8384}) 15. fxe6 fxe6 16. Nf4 $44 {Byrne,
R-Schneider,L.A.,Reykjavik 1982}) 13... O-O-O (13... Be7 14. f5 Qc5 15. Bd3 $14
{Wolff,P-Fedorowicz,J,USA-ch 1991}) 14. Bd3 h5 15. Qh4 Be7 16. Rhe1 Rde8 17.
Qh3 Kb8 18. f5 $14 b4 19. Ne2 e5 20. Nc1 a5 21. Bc4 Rh7 22. Bd5 Ba4 23. Nb3 Rc8
24. Rc1 Bf8 25. c4 Bh6 26. Rc2 Bg5 27. Qf3 h4 28. Rce2 Bxb3 29. Qxb3 Qc5 30. a3
Kc7 31. axb4 axb4 32. Qa4 Kd8 33. Rd1 Ke7 34. Qb5 Rhh8 (34... Qxb5 $2 35. cxb5
$16) 35. Qxc5 (35. Rd3 Rb8 36. Qxc5 dxc5 $14) 35... dxc5 36. Rd3 Bf4 37. Rh3
Bg5 38. Kc2 Rb8 39. Re1 Rbc8 40. Ra1 Rc7 41. Kd3 Rg8 42. Ke2 Kf8 43. g3 Rh8 44.
gxh4 Rxh4 45. Rxh4 Bxh4 46. Ra6 Kg7 47. Kd3 Bf2 48. Kc2 Bg1 49. h3 Bf2 50. Kb3
Bd4 51. h4 Re7 52. Ra8 Rc7 53. Ra6 Re7 54. Ra8 Rc7 55. Kc2 Bf2 56. h5 Be3 57.
Kb3 Bd4 58. Ka2 Be3 59. Ra6 Bf2 60. Kb3 Bd4 61. Ra8 Re7 62. Ra6 Rc7 1/2-1/2

[Event "Olympiad-39"]
[Site "Khanty-Mansiysk"]
[Date "2010.09.30"]
[Round "9.2"]
[White "Vallejo Pons, Francisco"]
[Black "Kozul, Zdenko"]
[Result "1-0"]
[WhiteElo "2697"]
[BlackElo "2604"]
[Annotator "Estremera,S"]
[PlyCount "59"]
[EventDate "2010.09.21"]
[EventType "team-swiss"]
[EventRounds "11"]
[EventCountry "RUS"]
[SourceTitle "CBM 139"]
[Source "ChessBase"]
[SourceDate "2010.11.18"]
[SourceVersion "1"]
[SourceVersionDate "2010.11.18"]
[SourceQuality "1"]
[WhiteTeam "Spain"]
[BlackTeam "Croatia"]
[WhiteTeamCountry "ESP"]
[BlackTeamCountry "CRO"]

1. e4 c5 2. Nc3 Nc6 3. Nge2 d6 4. d4 cxd4 5. Nxd4 Nf6 6. Bg5 e6 7. Qd2 a6 8.
O-O-O Bd7 9. f4 b5 10. Bxf6 gxf6 {si uno juega contra Kozul puede preparar
tranquilamente esta posición: el GM croata es el mayor especialista mundial de
esta variante del Richter-Rauzer, la juega una y otra vez, sin temor a
preparaciones, con notable éxito.} 11. Kb1 Qb6 12. Nce2 {De entre las muchas
posibilidades que el blanco ha probado en esta posición, Paco Vallejo elige la
que más dolores de cabeza ha causado a su rival. Nada menos que diez veces se
ha enfrentado Kozul a este orden de jugadas perdiendo siete partidas, aunque
no siempre a causa del resultado de la apertura.} Be7 $6 (12... h5 {es una
jugada temática en este sistema, las negras mantienen la flexibilidad de su
alfil de casilla negras} 13. f5 ({Svidler y Almasi han ganado a Kozul con} 13.
g3 $5) 13... Nxd4 14. Nxd4 e5 15. Ne2 b4 16. Nc1 Bc6 17. Qe1 Rc8 18. Bc4 a5 19.
Qe2 a4 20. Rd3 Qc5 21. b3 axb3 22. cxb3 Bh6 23. Rhd1 Ke7 24. Qxh5 {y el plan
de las blancas tuvo éxito en la partida Sax,G (2560)-Grosar,A (2470) Maribor
1996}) (12... Rc8 13. f5 Nxd4 14. Nxd4 e5 15. Ne2 b4 {es otra versión del
mismo tema en la partida Matulovic,M (2465)-Kozul,Z (2560) Yugoslavia 1991})
13. f5 Nxd4 14. Nxd4 e5 15. Ne2 Bc6 ({Pero aquí la jugada temática es} 15... b4
{pero la directa} 16. Qh6 {con idea de Ng3-h5 parece muy prometedora para el
blanco}) 16. Nc3 Rc8 17. g4 $1 Qc5 18. Qe2 $1 {adelantándose a b4} b4 19. Nd5
a5 20. g5 $1 Bxd5 (20... fxg5 21. f6 Bd8 22. Bh3 Rb8 23. Qh5 {sólo trae
desgracias a las negras}) 21. Rxd5 Qc7 22. Qf2 $1 {otra jugada muy precisa} Rg8
({si} 22... fxg5 23. f6 Bxf6 $2 24. Bb5+ Kf8 (24... Ke7 25. Rf1) 25. Ba6 {
y las blancas ganan}) 23. h4 fxg5 24. f6 Bf8 (24... Bxf6 25. Ba6) 25. Bb5+ Kd8
26. Rhd1 $18 gxh4 27. Rxe5 Qb8 28. Qf5 Kc7 29. Qd7+ Kb6 30. Re8 {y las negras
abandonan, una partida aparentemente sencilla jugada por Vallejo con gran
precisión.} 1-0

[Event "EU-ch 20th"]
[Site "Skopje"]
[Date "2019.03.21"]
[Round "4"]
[White "Ivic, Velimir"]
[Black "Lagarde, Maxime"]
[Result "1-0"]
[WhiteElo "2487"]
[BlackElo "2631"]
[Annotator "Fernandez,D"]
[PlyCount "57"]
[EventDate "2019.03.18"]
[EventType "swiss"]
[EventRounds "11"]
[EventCountry "MKD"]
[Tiebreak "Sum of Buchholz"]
[SourceTitle "CBM 189"]
[Source "ChessBase"]
[SourceDate "2019.04.29"]
[SourceVersion "1"]
[SourceVersionDate "2019.04.29"]
[SourceQuality "1"]

{[%evp 0,57,38,34,66,41,60,32,21,28,24,20,66,21,79,52,63,43,34,31,12,17,17,31,
32,6,54,42,50,0,43,-23,-21,9,23,17,17,25,13,46,56,75,57,19,164,147,142,73,73,
60,50,50,53,380,544,544,544,487,559,555]} 1. e4 c5 2. Nf3 Nc6 3. d4 cxd4 4.
Nxd4 Nf6 5. Nc3 d6 6. Bg5 e6 7. Qd2 a6 8. O-O-O Bd7 9. f3 Nxd4 {This isn't one
of the main moves, and in the excellent (albeit disorganised) Richter-Rauzer
book by Kozul, he recommends 9...h6.} 10. Qxd4 Be7 11. Kb1 Qc7 12. g4 ({
Maybe it makes sense to play} 12. h4 {and h5 without delay?}) 12... b5 13. h4
Rb8 (13... h5 $5 {is an interesting option that arises as a result of White's
move-order.}) 14. Be3 ({The prophylactic} 14. Ne2 $14 {also came into
consideration.}) 14... O-O 15. h5 b4 $6 {Now Black gets into major trouble.} (
15... Rfc8 $1 {was the way to limit Black's disadvantage, e.g.} 16. Qd2 (16. g5
b4 $11) 16... Bc6 17. Bd3 (17. g5 b4 18. Ne2 Nxe4 $19) 17... b4 18. Ne2 d5 $132
) 16. Ne2 e5 17. Qd2 Be6 18. g5 Nd7 19. Ng3 Nc5 20. Nf5 Rfd8 21. g6 (21. Nxe7+
{should have been played first, most likely.}) 21... Na4 (21... Bf6 $13) 22.
Nxe7+ Qxe7 23. Ka1 d5 24. h6 $1 hxg6 25. hxg7 f6 26. Rh8+ (26. exd5 Rxd5 27.
Bd3 $18 {is a calmer solution}) 26... Kxg7 27. Bc5 $1 {A visually appealing
tactic.} Rxh8 28. Bxe7 d4 29. f4 1-0

[Event "Manila Marlboro"]
[Site "Manila"]
[Date "1976.07.14"]
[Round "2"]
[White "Karpov, Anatoly"]
[Black "Torre, Eugenio"]
[Result "0-1"]
[WhiteElo "2695"]
[BlackElo "2505"]
[Annotator "Fischer,J"]
[PlyCount "96"]
[EventDate "1976.07.13"]
[EventType "tourn"]
[EventRounds "6"]
[EventCountry "PHI"]
[EventCategory "15"]
[SourceTitle "EXT 2001"]
[Source "ChessBase"]
[SourceDate "2000.11.22"]
[SourceVersion "1"]
[SourceVersionDate "2000.11.22"]
[SourceQuality "1"]

1. e4 c5 2. Nf3 Nc6 3. d4 cxd4 4. Nxd4 Nf6 5. Nc3 d6 6. Bg5 e6 7. Qd2 a6 8.
O-O-O Bd7 9. f4 b5 10. Qe1 Nxd4 11. Rxd4 Qb6 12. Rd2 Be7 13. Bd3 b4 14. Nd1 Bb5
15. Nf2 h6 16. Bh4 {[#] Black equalized without problems and now seizes the
initiative with an enterprising pawn thrust.} g5 $5 17. fxg5 hxg5 18. Bg3 ({
True to his style Karpov shies away from the complications that arise after} 
18. Bxg5 Qa5 {attacking the pawn a2 and threatening ...Bxd3 with a discovered
attack on the bishop on g5.}) 18... Nh5 19. Ng4 {[#]} Nxg3 $6 ({Black misses a
tactical opportunity that would have given him a clear advantage:} 19... Qa5 $1
{e.g.} 20. Kb1 Nxg3 21. Qxg3 ({after} 21. hxg3 Rxh1 22. Qxh1 b3 {Black is
winning.}) 21... b3 22. c3 Qxa2+ 23. Kc1 Bxd3 24. Qxd3 {and Black is a pawn up
and close to winning.}) 20. hxg3 Rxh1 21. Qxh1 Rc8 22. Kb1 Bxd3 23. cxd3 Qd4
24. Qd1 a5 25. Nh2 {[#]} g4 $1 {A fine pawn sacrifice that liberates the
black-squared bishop.} 26. Nxg4 Bg5 27. Rc2 Rxc2 28. Kxc2 a4 {With the nasty
threat of 29...a3.} 29. a3 b3+ 30. Kb1 d5 31. exd5 Qxd5 {Black is a pawn down
but clearly better: White's extra pawn is doubled and the white king is always
in danger of being mated. Therefore Karpov decides to return his pawn and to
bring his knight closer to the white king.} 32. Nf2 Qxg2 33. Ne4 Be3 34. Nc3
Qc6 35. d4 Qc4 36. d5 e5 37. Qh1 Qd3+ 38. Ka1 Bd4 {[#] Now Black's threats are
overwhelming. White tries to harass the black king but the queen alone is not
really dangerous.} 39. Qh8+ Kd7 40. Qa8 Qf1+ 41. Nb1 {[#]} Qc4 $2 ({Probably
Black was still in time-trouble mode which made him overlook a forced mate:} 
41... Bxb2+ 42. Kxb2 Qf2+ 43. Kc3 Qd4# {But the text-move is good enough - and
White is lost.}) 42. Qb7+ Kd6 43. Qb8+ Kxd5 44. Qd8+ Ke6 45. Qe8+ Kf5 46. Qd7+
Kg6 47. Qg4+ Kf6 48. Nc3 Qf1+ 0-1

[Event "Moscow Aeroflot op-A"]
[Site "Moscow"]
[Date "2004.02.20"]
[Round "4"]
[White "Movsesian, Sergei"]
[Black "Miton, Kamil"]
[Result "0-1"]
[WhiteElo "2639"]
[BlackElo "2543"]
[Annotator "Ftacnik,L"]
[PlyCount "92"]
[EventDate "2004.02.17"]
[EventType "swiss"]
[EventRounds "9"]
[EventCountry "RUS"]
[SourceTitle "CBM 100"]
[Source "ChessBase"]
[SourceDate "2004.06.01"]
[SourceVersion "1"]
[SourceVersionDate "2004.06.01"]
[SourceQuality "1"]

1. e4 c5 2. Nf3 d6 3. d4 cxd4 4. Nxd4 Nf6 5. Nc3 Nc6 6. Bg5 e6 7. Qd2 a6 8.
O-O-O Bd7 9. f3 Be7 10. Be3 b5 11. g4 Nxd4 12. Bxd4 b4 13. Ne2 e5 14. Be3 Qa5
15. Kb1 Be6 16. Nc1 h6 17. Nb3 Qc7 18. Bd3 {[%mdl 4] Movsesian believes, that
he can outplay his opponent in the middlegame and thus sidesteps interesting
complications after 18.Qxb4!?} (18. Qxb4 $5 d5 19. Nc5 Bxc5 20. Qxc5 Qxc5 21.
Bxc5 dxe4 22. Bd6 exf3 23. Bxe5 Bxg4 (23... Nxg4 24. Bxg7 Rg8 25. Bd4 f2 26. h4
f5 $13) 24. Bxf6 gxf6 25. Bd3 (25. Rd6 Ke7 26. Rxa6 Rhd8 27. Bd3 Rxa6 28. Bxa6
f2 $17) 25... Ra7 $11) 18... d5 19. exd5 (19. g5 hxg5 20. Bxg5 dxe4 21. fxe4
Ng4 $15) 19... Nxd5 20. Bf5 (20. Rhe1 Rd8 (20... O-O 21. Bxh6 Rfd8 22. Be3 a5
$13) 21. Qf2 O-O 22. Bxa6 Nxe3 23. Qxe3 Rxd1+ 24. Rxd1 Ra8 $15) 20... a5 (20...
Bxf5 21. gxf5 Nxe3 22. Qxe3 O-O 23. Rd5 $13) 21. Qd3 $6 {Not a good sign of
perfect health, but black already had nice play and no direct worries.} (21.
Bxe6 fxe6 22. Qd3 O-O 23. Bxh6 a4 $1 (23... gxh6 24. Qg6+ Kh8 25. Qxh6+ Kg8 26.
Qxe6+ Rf7 27. Rxd5 $18) 24. Nc1 (24. Qg6 Bf6 25. Nd2 Ne7 $17) 24... a3 25. Bd2
axb2 26. Kxb2 Bc5 $17) 21... O-O (21... Bxf5 $5 22. gxf5 Nxe3 23. Qxe3 a4 24.
Nc1 Rc8 25. Qe2 O-O $17) 22. Nd2 Rfd8 23. Qe2 Bxf5 24. gxf5 Rac8 25. Nf1 (25.
Ne4 Nxe3 26. Rxd8+ Bxd8 27. Qxe3 Qxc2+ 28. Ka1 Bb6 29. Qd2 Qxd2 30. Nxd2 Rc2
$19) 25... Nc3+ $5 {Milton is getting credit for courage ad spirited solution,
but simple meassures would be even more unpleasant for white.} (25... a4 $5 26.
Rg1 b3 $17) 26. bxc3 bxc3 27. Ka1 (27. Rxd8+ $2 Rxd8 28. Ka1 Qb7 29. Bc1 Rb8
$19) 27... Rxd1+ 28. Qxd1 Qb7 29. Qc1 (29. Qb1 Qxf3 30. Rg1 Ba3 31. Qe1 (31.
Bc1 Bb2+ 32. Bxb2 cxb2+ 33. Qxb2 Qd1+ 34. Qb1 Qd4+ $19) 31... Bb2+ 32. Kb1 Qb7
$19) 29... Rc4 30. f6 $6 {It is hard to understand, why white has to give up
the pawn with tempo.} (30. Ng3 Qxf3 31. Rf1 Qb7 32. Rg1 $13) 30... Bxf6 31. Ng3
Qxf3 32. Rf1 Qd5 33. Nf5 (33. Nh5 Be7 34. Rg1 g6 35. Bxh6 Ra4 36. Qb1 Rb4 37.
Qd1 Qxd1+ 38. Rxd1 Rh4 39. Rd7 Rxh5 40. Rxe7 Rxh6 $19) 33... Ra4 34. a3 (34.
Qb1 Rb4 35. Qd1 Qxd1+ 36. Rxd1 Rb2 37. Rc1 a4 $15) 34... h5 35. Rd1 $2 {
Decisive mistake in a bad position, now black will get perfect access towards
the white king.} (35. Rf2 e4 36. Rf1 Kh7 $17) 35... Rxa3+ $1 36. Qxa3 Qxd1+ 37.
Qc1 (37. Ka2 Qxc2+ 38. Ka1 Qxf5 $19) 37... Qd7 38. Ng3 h4 39. Nf1 Qa4+ 40. Kb1
Qb5+ 41. Ka2 Qc4+ 42. Kb1 Be7 43. Qe1 (43. Bf2 Qb4+ 44. Ka2 Qa4+ 45. Kb1 Ba3
$19) 43... Ba3 44. Bc1 Qb4+ 45. Ka2 Bb2 46. Kb1 Qa3 0-1

[Event "WchT 4th"]
[Site "Luzern"]
[Date "1997.10.26"]
[Round "2.2"]
[White "Benjamin, Joel"]
[Black "Kozul, Zdenko"]
[Result "0-1"]
[WhiteElo "2580"]
[BlackElo "2605"]
[Annotator "Ftacnik,L"]
[PlyCount "76"]
[EventDate "1997.10.25"]
[EventType "team-tourn"]
[EventRounds "9"]
[EventCountry "SUI"]
[SourceTitle "CBM 062"]
[Source "ChessBase"]
[SourceDate "1998.01.31"]
[SourceVersion "1"]
[SourceVersionDate "1998.01.31"]
[SourceQuality "1"]
[WhiteTeam "US of America"]
[BlackTeam "Croatia"]
[WhiteTeamCountry "USA"]
[BlackTeamCountry "CRO"]

1. e4 {Baburin Gofshtein,L} c5 2. Nf3 Nc6 3. d4 cxd4 4. Nxd4 Nf6 5. Nc3 d6 6.
Bg5 e6 7. Qd2 a6 8. O-O-O Bd7 9. f4 b5 10. Bxf6 gxf6 11. Kb1 (11. f5 $5 Nxd4
12. Qxd4 Bh6+ 13. Kb1 Bf4 14. fxe6 fxe6 15. Ne2 Be5 16. Qd2 Qb6 17. Nf4 a5 18.
g3 O-O 19. Bh3 $16) 11... Qb6 12. Nxc6 (12. Nce2 {Gofshtein,L} Rc8 13. g3 h5
14. Bg2 Na5 15. b3 Nc6 16. Rhf1 Qa5 17. c3 Qb6 $2 (17... Nxd4 18. Nxd4 Be7 $11)
18. f5 Bh6 19. Qe1 Nxd4 20. Nxd4 e5 21. Nc2 a5 22. h4 $16 {
Hjartarson-Yermolinsky,Erevan 1996}) (12. Nf3 {Gofshtein,L} O-O-O 13. g3 Kb8
14. Bh3 Bc8 15. f5 h5 16. Qe1 Bh6 17. Ne2 Ne5 18. Ned4 Ng4 19. fxe6 fxe6 20.
Qc3 Bb7 21. Nxe6 Rc8 $13 {Liberzon-Zaltsman,Lone Pine 1981}) 12... Bxc6 13. Qe1
(13. f5 {Gofshtein,L} b4 14. Ne2 e5 15. Ng3 h5 16. Be2 (16. h4 a5 17. Bc4 Rc8
18. Qe2 $16 {Van der Wiel}) 16... h4 17. Nh5 Be7 18. Bf3 a5 19. g3 hxg3 20.
hxg3 O-O-O 21. g4 a4 22. Rhe1 Qc5 23. Qe3 Kc7 $13 {Huebner -Dreev,Nyssloch 1996
}) 13... Ra7 (13... Qc5) (13... Be7 {Gofshtein,L} 14. f5 Qc5 15. fxe6 fxe6 16.
Bd3 Kf7 17. Rf1 Rag8 18. Rd2 b4 19. Nd1 a5 20. Rdf2 $11 {Hrachek-Popovich,Brno
1992}) (13... O-O-O {Gofshtein,L} 14. Bd3 h5 15. Rf1 Kb8 16. a3 $1 Bb7 17. f5
Qc5 18. fxe6 fxe6 19. Rxf6 Qe5 20. Rf7 $16 {Lalich-Kozul,Croatia 1997}) 14. f5
Qc5 (14... b4 15. Ne2 e5 (15... Bxe4 16. fxe6 fxe6 17. Nf4 $16) 16. Ng3 h5 (
16... Qc5 17. Nh5 Be7 18. Qh4 Qe3 19. Bd3 $16) 17. Be2 $1 Rh6 (17... h4 18. Nh5
Be7 19. Qxh4) 18. Bc4 (18. Bxh5 $5) 18... a5 19. Nf1 Qc5 20. Ne3 $5 a4 $6 21.
Bd5 Bb5 22. b3 Rh8 23. Bc4 axb3 24. cxb3 {Gurevich,I-Kozul,Z/Biel izt 1993/1-0
(53)} (24. cxb3 {Gofshtein,L} Bc6 25. Nd5 Qa5 26. Qf2 Be7 27. Rhe1 $16 {
Gurevich-Kozul,Biel 1993})) (14... Rg8 15. Qh4 Ke7 16. Ne2 $1 e5 17. Ng3 Qe3 (
17... h6 18. Rxd6 Kxd6 19. Qxf6+) 18. Qxh7 Rg7 19. Qh8 Bxe4 20. Bd3 $1 Bxg2 21.
Rhe1 Qc5 22. Be4 Rc7 23. Bxg2 Qxc2+ 24. Ka1 Rxg3 (24... Qxg2 25. Rxd6 Rc2 26.
Rd8 $1) 25. hxg3 Qxg2 26. Rxd6 $1 Kxd6 27. Qxf8+ {1-0 Dimitrov,V-Kozul,Z/
Linares 1996 (52)}) (14... h5 {Gofshtein,L} 15. Bd3 Qc5 16. Rf1 (16. fxe6 $142
fxe6 17. Rf1) 16... e5 17. Qh4 Ke7 18. Ne2 a5 19. Rf3 Bh6 20. Qxh5 a4 21. Qh4
b4 22. Qe1 Bg5 23. h3 Rc7 $13 {Palac-Kozul,Croatia 1997}) 15. Bd3 a5 16. Ne2
Bh6 17. Rf1 (17. Qh4 Bg5 18. Qh5 e5 (18... exf5 19. Ng3 $1 $16) 19. h4 Be3 20.
g4 d5 $132) (17. fxe6 {Gofshtein,L} fxe6 18. Rf1 $14) 17... e5 {Risky concept,
since black's pawn structure will be forever inferior. Ein riskantes Konzept,
weil die schwarze Bauernstruktur für ewig minderwertig bleibt.} 18. Ng3 Ke7 19.
Rf3 Rg8 $1 (19... d5 $2 20. exd5 Bxd5 21. Be4 $16) 20. Qe2 a4 21. c3 {Black
have big ctrategy advantage,but white try find tactical chance} a3 22. b3 Bf4 (
22... Qxc3 23. Bxb5 Bxb5 24. Rxc3 Bxe2 25. Nxe2 Rxg2 26. Rc2 $1 Rxh2 27. Nc3
Rxc2 28. Nd5+ (28. Kxc2 $16 {Gofshtein,L}) 28... Kd8 29. Kxc2 Bg5 30. Rh1 h6
31. b4 $13) (22... Rg4 $5 {Gofshtein,L} 23. Bc2 Rf4 $17) 23. Nh5 Bh6 (23...
Bxh2 24. g3 (24. g4 Bg1) 24... Bg1 25. Qe1 Rg5 26. Nxf6 Kxf6 27. Qxg1 Qxc3 28.
Qh2 Qb2+ 29. Qxb2 axb2 30. Bc2 $1 $14) (23... Qxc3 $2 {Gofshtein,L} 24. Nxf4
exf4 25. Rc1 $19) 24. Bc2 Rc7 25. Rh3 Bg5 (25... d5 $2 {Gofshtein,L} 26. Nxf6
$1) 26. Rhd3 Rgc8 (26... d5 {Gofshtein,L} 27. exd5 (27. b4 Qc4 28. exd5 Bxd5
29. Bb3 Qe4 30. Qc2 $1 Bb7 31. Bd5 Qxf5 32. Ng3 $16 Qf4) 27... Bxd5 28. Rxd5 $2
Qxc3 29. Be4 Qc1+ $19) (26... Bb7 {Gofshtein,L} 27. g3 Qc6 28. Re1 Rd7 29. h4
Bh6 30. g4 d5 $13) 27. Qe1 (27. Rxd6 $4 Qxc3 28. Bd3 Kxd6 $19) (27. g3 {
Gofshtein,L} d5 28. exd5 Bxd5) 27... Ba8 28. h4 Bh6 29. g4 Bf4 (29... Qb6 $6 {
Gofshtein,L} 30. Nxf6 $1 $132) 30. Qe2 (30. Nxf4 exf4 31. Rxd6 (31. g5 Qe5 32.
Rxd6 Rxc3 33. gxf6+ Ke8 34. Qd2 Rxb3+ $1 35. Bxb3 Bxe4+ $19) 31... Qxc3 32.
Qxc3 Rxc3 33. R6d2 Rg3 $17) (30. g5 {Gofshtein,L} fxg5 31. f6+ $36) 30... h6 $6
31. Qf3 $2 {This move will find surprising refutation, black's priority is the
penetration towards white king. Baburin: In one of his favourite opening
variations GM Kozul has obtained a promising attacking position. Now he
converts the potential energy of his pieces into the kinetic energy of attack
by a queen sacrifice. Dieser Zug findet eine überraschende Widerlegung.
Schwarz gelingt ein Durchbruch zum weissem König.} (31. Rf3 Rg8 32. Rfd3 Rgc8)
(31. Rf1 $1 Qb6 32. Qe1 $16) (31. b4 $1 {Gofshtein,L} Qc4 32. Nxf4 exf4 33. Bb3
Qxe4 $2 34. Qxe4+ Bxe4 35. Re1 $18) 31... Qxc3 $3 32. Rxc3 Rxc3 33. Qf1 $2 (33.
Qf2 Rxc2 (33... Bxe4 34. Qa7+ (34. Bxe4 Rc1+ 35. Rxc1 Rxc1#) 34... Kf8 35. Qxa3
Bxc2+ 36. Kb2 R3c5 (36... Bxd1 37. Qxd6+ Kg8 38. Nxf4 Rc2+ 39. Ka3 Bxg4 $13))
34. Qxc2 Rxc2 35. Kxc2 {and seek drawing chances after} Bxe4+ 36. Kc3 Be3 $17 (
36... Be3 {Baburin} 37. Ng3)) (33. Qe2 Rxc2 (33... Be3 {Gofshtein,L} 34. Ng3))
(33. Qh1 Rxc2 34. Nxf4 exf4 $17) 33... Rxc2 {Baburin: Now it's all over...} 34.
Nxf4 Rb2+ 35. Ka1 Rcc2 $1 36. Nd3 $8 (36. Qxb5 Rxa2+ 37. Kb1 Rcb2+ 38. Kc1 Ra1#
) (36. Nd5+ {Gofshtein,L} Bxd5 37. exd5 Rxa2+ 38. Kb1 Rcb2+ 39. Kc1 Ra1#) 36...
Rxa2+ 37. Kb1 Bxe4 38. Qg1 Rcb2+ (38... Rcb2+ 39. Kc1 Ra1#) 0-1